| 000 | 00621nam a2200217Ia 4500 | ||
|---|---|---|---|
| 003 | IIN | ||
| 005 | 20240201162955.0 | ||
| 008 | 231217s9999 xx 000 0 und d | ||
| 020 |
_cRs.2995.00 _a9781435400771 |
||
| 040 |
_aIIN _bEnglish |
||
| 082 |
_a616.890231 _bFRI |
||
| 100 | 1 | _aFrisch, Noreen Cavan | |
| 245 | 1 |
_aPsychiatric Mental Health Nursing _cNoreen Cavan Frisch & Lawrence E. Frisch |
|
| 250 | _a4th ed | ||
| 260 |
_bDelmar Health Care _aAustralia _c2011 |
||
| 300 | _axii, 997p. | ||
| 650 | 1 |
_aMental Health _vNursing |
|
| 650 | 1 |
_aPsychiatric _vNursing |
|
| 700 | 1 | _aFrisch, Lawrence E. | |
| 942 | _cBOOK | ||
| 999 |
_c1354 _d1354 |
||